• 首页
  • 本馆介绍
  • 公告通知
  • 最新文献
  • 馆藏检索
  • 电子资源
  • 读者导购
  • 参考咨询
  • 我的图书馆
  • 登录
  • 详细信息显示
  • 放入我的书架
  • 预约/预借图书
  • 作者相关作品
  • 分类相关作品
  • 丛书相关作品
  • 出版社相关作品

书目信息

  • 表格格式
  • 工作单格式
  • 卡片格式
题名:
日中英工业用语辞典
    
 
作者: 栈井四郎 , 和田进 编
分册:  
出版信息: 东京   日本工业新闻社  昭和48年
页数: 549页
开本: 20cm
丛书名:
单 册:
中图分类: T-61
科图分类:
主题词: 工业技术
电子资源:
ISBN:
000 00614nam0 2200205 45
001 0312221749
005 20031222170904.5
010    @dCNY2.00
100    @a20031222d昭和 km y0chiy0120 ea
101    @achi
105    @a z 000yy
200 1  @a日中英工业用语辞典@ARi Zhong Ying Gong Ye Yong Yu Ci Dian@f栈井四郎,和田进编@FZhan Jing Si Lang,He Tian Jin Bian@e日汉英工业技术词汇
210    @a东京@c日本工业新闻社@d昭和48年
215    @a549页@d20cm
606 0  @a工业技术
690    @aT-61@v3
701 0  @a栈井四郎@4编
701 0  @a和田进@4编
801    @aCN@bTSTCL@c20031222
905    @a213230@dT-61@e13@b164006@f1
    
    日中英工业用语辞典/栈井四郎,和田进编:日汉英工业技术词汇.-东京:日本工业新闻社,昭和48年
    549页;20cm
    
    
    ISBN :CNY2.00
    
●
相关链接 在E读中查询图书 在五车中查询图书 在当当中查询图书 在豆瓣中查询图书


正题名:日中英工业用语辞典     索取号:T-61/13         预约/预借

序号 登录号 条形码 馆藏地/架位号 状态 备注
1 0164006   000558417   第二样本阅览室/ [索取号:T-61/13] 在馆    
唐山师范学院图书馆 欢迎您!
大连网信软件有限公司© 版权所有